| 000 | 00776nam a2200205 4500 | ||
|---|---|---|---|
| 001 | 144350 | ||
| 003 | ES-MaACL | ||
| 005 | 20230906201011.0 | ||
| 007 | t| | ||
| 008 | 070214s1970 sp r ||||1| spa d | ||
| 100 | 1 |
_aSintes Sanahuja, Francisco. _9106655 |
|
| 245 | 1 | 0 |
_aIniciación al atletismo / _cpor Francisco Sintes Sanahuja. |
| 260 |
_aBarcelona : _bSintes, _c1970 ( _fSalvadó) |
||
| 300 |
_a81 p., 8 lám. ; _c17 cm. |
||
| 490 | 1 | _aBiblioteca de atletismo | |
| 500 | _aContiene: Educación física y educación integral ; El atletismo, problema social ; El atleta : elección de la especialidad ; Preparación física, técnica y psicológica. | ||
| 830 | 0 |
_aBiblioteca de atletismo _9182830 |
|
| 852 |
_aES-MaACL _jC-44444 _bR.74409 |
||
| 999 |
_c144350 _d144350 |
||